Countries Furthest Away from Russia A-Z - Statistics

General Stats
  • This quiz has been taken 186 times
  • The average score is 18 of 24
Answer Stats
Letter Country % Correct
A Argentina
93%
C Chile
88%
Q Qatar
86%
Z Zimbabwe
85%
O Oman
84%
Y Yemen
84%
F Fiji
83%
H Honduras
83%
U Uruguay
82%
B Bolivia
81%
V Venezuela
81%
E Ecuador
79%
P Paraguay
79%
D Dominican Republic
76%
J Jamaica
76%
N New Zealand
75%
K Kiribati
70%
G Guatemala
69%
S Suriname
68%
T Trinidad and Tobago
63%
L Lesotho
61%
M Mexico
59%
I Ivory Coast
50%
R Republic of the Congo
48%
No matching quizzes found
Score Distribution
Percent of People with Each Score
Percentile by Number Answered
Your Score History
You have not taken this quiz